000 00307nam a22001217a 4500
999 _c27680
_d27680
008 250224b ||||| |||| 00| 0 eng d
082 0 0 _a910.4
_bM322
245 1 0 _aRoad atlas of India
_cMaps and agencies
260 _a[S.l.] :
_bMaps and agencies,
_cn.d.
300 _a24 p.
650 0 _aTravels
942 _cBK